Normal view
MARC view
Entry Personal Name
001 - CONTROL NUMBER
- control field: 25347
003 - CONTROL NUMBER IDENTIFIER
- control field: ARRUPE
005 - DATE AND TIME OF LATEST TRANSACTION
- control field: 20160823144353.0
008 - FIXED-LENGTH DATA ELEMENTS
- fixed length control field: 160823|| aca||aabn | a|a d
040 ## - CATALOGING SOURCE
- Original cataloging agency: ARRUPE
- Transcribing agency: ARRUPE
100 ## - HEADING--PERSONAL NAME
- Personal name: Brown, James Victor,
- Dates associated with a name: 1921-
670 ## - SOURCE DATA FOUND
- Source citation: Work cat.: (ARRUPE)0: Brown, James Victor, 1921-, The invalidating effects of force, fear, and fraud upon the canonical novitiate;, 1951.